000 00447nam a2200157Ia 4500
003 GCL
008 140319s9999 xx 000 0 eng d
040 _aGCL /
_cGCL
082 0 4 _a745.444
_bO I
100 1 _aO'NEILL, AMANDA
245 1 0 _aINTRODUCTION TO THE DECORATIVE ARTS 1890 TO THE PRESENT DAY /
_cO'NEILL, AMANDA
260 _a[S.N] :
_bTIGER BOOKS INTERNATIONAL ،
_c1990
300 _a143
650 0 4 _aDECORATIVE ARTS
942 _2ddc
_cBK
999 _c24507
_d24507